Les pays contenant entre 0 % et 10 % de catholiques - Statistiques

Statistiques générales
  • Ce quiz a été pris 132 fois
  • Le résultat moyen est 51 sur 88
Statistiques - réponses
Hint Réponse % Correct
1,0 % Chine
93%
0,1 % Algérie
89%
0,3 % Maroc
88%
0,4 % Égypte
85%
1,7 % Inde
85%
1,0 % Japon
83%
3,5 % Arabie saoudite
82%
0,0 % Iran
82%
0,2 % Tunisie
80%
0,0 % Turquie
80%
0,9 % Irak
79%
2,1 % Syrie
79%
2,9 % Indonésie
78%
0,7 % Pakistan
78%
0,0 % Yémen
76%
0,0 % Afghanistan
75%
1,6 % Libye
75%
0,0 % Turkménistan
75%
0,7 % Corée du Nord
74%
7,6 % Corée du Sud
73%
1,6 % Russie
73%
5,0 % Soudan
73%
0,0 % Israël
71%
0,0 % Ouzbékistan
71%
1,0 % Liban
69%
2,1 % Oman
69%
8,5 % Qatar
68%
0,0 % Somalie
67%
0,7 % Laos
66%
1,7 % Mali
66%
0,0 % Mongolie
66%
0,0 % Niger
66%
0,6 % Jordanie
64%
0,1 % Népal
64%
5,0 % Sénégal
64%
8,7 % Tchad
63%
7,3 % Koweït
62%
4,7 % Malaisie
62%
0,2 % Cambodge
60%
0,2 % Mauritanie
60%
0,0 % Tadjikistan
59%
0,5 % Thaïlande
59%
0,3 % Bangladesh
58%
1,3 % Kazakhstan
57%
0,0 % Azerbaïdjan
56%
7,1 % Biélorussie
55%
1,0 % Djibouti
55%
3,0 % Norvège
55%
4,6 % Roumanie
55%
5,7 % Singapour
55%
2,0 % Suède
54%
6,7 % Émirats Arabes Unis
53%
0,2 % Finlande
53%
0,0 % Maldives
53%
6,2 % Sri Lanka
53%
5,9 % Ukraine
53%
1,2 % Birmanie
52%
0,1 % Bhoutan
51%
2,0 % Érythrée
51%
5,4 % Bahreïn
50%
1,0 % Bulgarie
50%
0,8 % Éthiopie
50%
0,7 % Arménie
49%
0,9 % Géorgie
49%
0,0 % Grèce
48%
6,0 % Brunei
47%
0,2 % Chypre
46%
0,2 % Comores
46%
0,9 % Estonie
46%
1,6 % Taïwan
46%
2,8 % Gambie
45%
2,3 % Guinée
45%
4,9 % Serbie
44%
0,7 % Macédoine
42%
5,7 % Liberia
41%
8,9 % Royaume-Uni
41%
3,4 % Sierra Leone
41%
1,0 % Danemark
40%
8,3 % Guinée-Bissau
39%
0,5 % Moldavie
39%
8,9 % États-Unis
35%
8,9 % Îles Fidji
29%
9,3 % Zimbabwe
23%
0,0 % Tuvalu
21%
4,4 % Jamaïque
19%
6,9 % Swaziland
15%
4,2 % Barbade
9%
6,9 % Vietname
3%
Aucun quiz correspondant
Distribution des résultats
% des personnes avec chaque résultat
Percentile par nombre de réponses
Votre historique - résultats
Vous n’avez pas pris ce quiz